French v Barcham (Record no. 80511)

MARC details
000 -LEADER
fixed length control field 02274cad a22003495a 4500
001 - CONTROL NUMBER
control field L144531
008 - FIXED-LENGTH DATA ELEMENTS--GENERAL INFORMATION
fixed length control field 080728e20080704xxk f v 000 0 eng d
035 ## - SYSTEM CONTROL NUMBER
System control number (Sirsi) u144531
041 0# - LANGUAGE CODE
Language code of text/sound track or separate title eng
245 00 - TITLE STATEMENT
Title French v Barcham
Medium [electronic resource]
260 ## - PUBLICATION, DISTRIBUTION, ETC.
Date of publication, distribution, etc. 2008
520 ## - SUMMARY, ETC.
Summary, etc. [2008] EWHC 1505 (Ch) 4 July 2008. Despite a trustee in bankruptcy of a beneficiary having no right of occupation under the Trusts of Land and Appointment of Trustees Act 1996 and being unable to claim compensation under this act for exclusion of the right to occupy, there was no reason why compensation should be denied for the continued occupation of the whole land by the other benificiary. Appellant (F), trustee in bankruptcy of respondent (P) under a trust of land appealled against a decision after it was refused compensation for the continued occupation of a property by B, P's wife. After a bankruptcy order against P, F and another were appointed trustees and 12 years later applied to the courts for an order to sell P's matrimonial home. A dispute arose over whether F should be allowed to set-off against a claim by B, (compensation as a result of mortgage payments etc.), against a charge for the fact that B had been in continuous occupation of the whole of the property since the order to sell. Held: appeal allowed. Although F as a trustee had no rights of occupation, it was reasonable for F to expect an occupation rent from B as the sole occupant of the whole property (including the half that constituted F's interest).
590 ## - LOCAL NOTE (RLIN)
Local note KA
650 24 - SUBJECT ADDED ENTRY--TOPICAL TERM
Topical term or geographic name entry element FRENCH V BARCHAM
650 24 - SUBJECT ADDED ENTRY--TOPICAL TERM
Topical term or geographic name entry element BANKRUPTCY ACT 1914
650 24 - SUBJECT ADDED ENTRY--TOPICAL TERM
Topical term or geographic name entry element INSOLVENCY ACT 1986
650 24 - SUBJECT ADDED ENTRY--TOPICAL TERM
Topical term or geographic name entry element TRUSTS OF LAND AND APPOINTMENT OF TRUSTEES ACT 1996
650 24 - SUBJECT ADDED ENTRY--TOPICAL TERM
Topical term or geographic name entry element BYFORD V BUTLER
650 24 - SUBJECT ADDED ENTRY--TOPICAL TERM
Topical term or geographic name entry element HILL V HICKIN
650 24 - SUBJECT ADDED ENTRY--TOPICAL TERM
Topical term or geographic name entry element STACK V DOWDEN
650 24 - SUBJECT ADDED ENTRY--TOPICAL TERM
Topical term or geographic name entry element MURPHY V GOOCH
650 24 - SUBJECT ADDED ENTRY--TOPICAL TERM
Topical term or geographic name entry element RE GORMAN (A BANKRUPT)
650 24 - SUBJECT ADDED ENTRY--TOPICAL TERM
Topical term or geographic name entry element RE PAVLOU (A BANKRUPT)
650 24 - SUBJECT ADDED ENTRY--TOPICAL TERM
Topical term or geographic name entry element JACOBS V SEWARD
650 24 - SUBJECT ADDED ENTRY--TOPICAL TERM
Topical term or geographic name entry element JONES (AE) V JONES (FW)
650 24 - SUBJECT ADDED ENTRY--TOPICAL TERM
Topical term or geographic name entry element DENNIS V MCDONALD
650 24 - SUBJECT ADDED ENTRY--TOPICAL TERM
Topical term or geographic name entry element BERNARD V JOSEPHS
651 #4 - SUBJECT ADDED ENTRY--GEOGRAPHIC NAME
Geographic name England and Wales
Chronological subdivision 1543-
690 ## - LOCAL SUBJECT ADDED ENTRY--TOPICAL TERM (OCLC, RLIN)
Topical term or geographic name as entry element Residential property
9 (RLIN) 6266
856 40 - ELECTRONIC LOCATION AND ACCESS
Uniform Resource Identifier <a href="https://www.bailii.org/ew/cases/EWHC/Ch/2008/1505.html">https://www.bailii.org/ew/cases/EWHC/Ch/2008/1505.html</a>
Public note View the case free of charge at www.bailii.org...
942 ## - ADDED ENTRY ELEMENTS (KOHA)
Suppress in OPAC 0
Holdings
Withdrawn status Lost status Source of classification or shelving scheme Damaged status Not for loan Home library Current library Shelving location Date acquired Total Checkouts Full call number Barcode Date last seen Copy number Price effective from Koha item type
    Dewey Decimal Classification     Virtual Virtual Online 28/07/2008   ONLINE PUBLICATION 144531-1001 06/08/2019 1 06/08/2019 Law report